Word Ladder: Show Me The Money Quiz Stats

 Plays Quiz Updated Apr 16, 2018

Challenge
Share
Tweet
Embed
Score 0/32 Timer 03:00
0 Plays Today
Hint 3-Letter Word % Correct
πŸ’° Night and ___ πŸ’°πŸ’° DAY πŸ’°
98.2%
UtilizeUSE
93%
Scooby-___DOO
91.1%
πŸ’° Springsteen was born here πŸ’°πŸ’° USA πŸ’°
89.8%
A deer, a female deerDOE
89.7%
Use a crowbarPRY
89.5%
Set downLAY
88.2%
Sec, for champagneDRY
87.1%
πŸ’° Hand over money πŸ’°πŸ’° PAY πŸ’°
86.4%
UncookedRAW
85.8%
Gehrig or Grant, e.g.LOU
85.4%
Sweet'N ___LOW
84.5%
Doctoral rapperDRE
83.7%
Pull alongTOW
82.8%
πŸ’° Who it had to be, per Harry Connick Jr. πŸ’°πŸ’° YOU πŸ’°
82.6%
___ now, brown cow?HOW
81.2%
Hint 3-Letter Word % Correct
Something to dip in the waterTOE
80.9%
πŸ’° Sunbeam unit πŸ’° πŸ’° RAY πŸ’°
80.2%
AngerIRE
79.8%
πŸ’° Unpopular government agency πŸ’°πŸ’° IRS πŸ’°
79.3%
β€œGangnam Style” rapperPSY
78.4%
Exclamation of joyYAY
78.3%
When doubled, a sleeping sickness carrierTSE
77%
πŸ’° ___-ha: an uproar πŸ’°πŸ’° HOO πŸ’°
76.8%
LineROW
76.7%
Message to raise awareness, for shortPSA
75.1%
Not strictLAX
70.7%
Exclamation of painYOW
67.9%
I don't know: je ne sais __PAS
67.8%
A ship or plane’s unexpected move to one sideYAW
65.4%
Letters on an old rotary telephonePRS
60%
πŸ’° To make rigorous demands on πŸ’°πŸ’° TAX πŸ’°
56.7%

Today's Daily Dose

Missing Word
Animated TV Series

Word Ladder
Boston

Quick Pick
'H' Literature

On This Day
August 16th II

You're not logged in!

Compare scores with friends on all Sporcle quizzes.
Join for Free
OR
Log In

You Might Also Like...

Show Comments

Extras

Top Quizzes Today


Score Distribution

Your Account Isn't Verified!

In order to create a playlist on Sporcle, you need to verify the email address you used during registration. Go to your Sporcle Settings to finish the process.

Report this User

Report this user for behavior that violates our Community Guidelines.

Details: